<?xml version="1.0" encoding="UTF-8"?>
<record
    xmlns:xsi="http://www.w3.org/2001/XMLSchema-instance"
    xsi:schemaLocation="http://www.loc.gov/MARC21/slim http://www.loc.gov/standards/marcxml/schema/MARC21slim.xsd"
    xmlns="http://www.loc.gov/MARC21/slim">

  <leader>04297nam a22002777a 4500</leader>
  <controlfield tag="005">20250724154631.0</controlfield>
  <controlfield tag="008">240830b           ||||| |||| 00| 0 eng d</controlfield>
  <datafield tag="020" ind1=" " ind2=" ">
    <subfield code="a">9789357787765</subfield>
  </datafield>
  <datafield tag="040" ind1=" " ind2=" ">
    <subfield code="c">AL</subfield>
  </datafield>
  <datafield tag="041" ind1=" " ind2=" ">
    <subfield code="a">English</subfield>
  </datafield>
  <datafield tag="082" ind1=" " ind2=" ">
    <subfield code="2">23</subfield>
    <subfield code="a">657.46 </subfield>
    <subfield code="b">SINT</subfield>
  </datafield>
  <datafield tag="100" ind1=" " ind2=" ">
    <subfield code="a">Vinod K Singhania </subfield>
    <subfield code="9">219967</subfield>
  </datafield>
  <datafield tag="245" ind1=" " ind2=" ">
    <subfield code="a">Taxmanns Direct Taxes Law and Practice With Special Reference to Tax Planning</subfield>
    <subfield code="b">: Assessment Year 2024-25</subfield>
  </datafield>
  <datafield tag="250" ind1=" " ind2=" ">
    <subfield code="a">71.</subfield>
  </datafield>
  <datafield tag="260" ind1=" " ind2=" ">
    <subfield code="a">New Delhi</subfield>
    <subfield code="b">Taxmann Publications Pvt Ltd</subfield>
    <subfield code="c">2024</subfield>
  </datafield>
  <datafield tag="300" ind1=" " ind2=" ">
    <subfield code="a">1721 p.</subfield>
    <subfield code="b">PB</subfield>
    <subfield code="c">24x17 cm.</subfield>
  </datafield>
  <datafield tag="365" ind1=" " ind2=" ">
    <subfield code="a">3330</subfield>
    <subfield code="b">&#x20B9;1836.00</subfield>
    <subfield code="c">&#x20B9;</subfield>
    <subfield code="d">&#x20B9;2295.00</subfield>
    <subfield code="e">20%</subfield>
    <subfield code="f">26-08-2024</subfield>
  </datafield>
  <datafield tag="520" ind1=" " ind2=" ">
    <subfield code="a">For over 40 years, Taxmann's flagship publication has been the 'go-to-guide' for students and professionals. It features a learn-yourself technique, concise text organization, over 600 original problems, and includes the latest amendments and case laws. The book stands out for its clear, step-by-step explanations of the subject matter. This book will be helpful for students preparing for CA, CS, ICWA, M.Com., LL.B., and MBA examinations.</subfield>
  </datafield>
  <datafield tag="521" ind1=" " ind2=" ">
    <subfield code="a">The Present Publication is the 71st Edition for A.Y. 2024-25 (amended up to 15th June 2024), authored by Dr Vinod K. Singhania &amp; Dr Kapil Singhania. The noteworthy features of this book are as follows:
&#x2022; [Self-Learning/Practice Book] Designed with a learn-yourself technique, enabling students to grasp and apply the law more quickly
&#x2022; [Concise Treatment of Text] The content is organized in numbered paragraphs and sub-paragraphs, saving time and effort. Debatable issues are thoroughly discussed and resolved
&#x2022; [Well-Thought-Out Original Problems] Each paragraph begins with analytical discussions supported by over 600 original problems, illustrating complex provisions in a unique style. Tax planning hints are provided where applicable
&#x2022; [Up-to-date Content] Includes the latest circulars, notifications, amendments, and case laws up to 15th June 2024. Recent court rulings, circulars, and notifications are highlighted
&#x2022; [Past Exam Questions with Answers] Contains questions from CA Final exams (Nov. 2013 to Nov. 2023), post-graduate, and professional exams, along with solutions for both theory and practical questions, based on the law applicable for A.Y. 2024-25.
&#x2022; [Six-Sigma Approach] Adheres to the Six-Sigma methodology to achieve the benchmark of 'Zero-Error'
The detailed coverage of this book includes:
&#x2022; Basic Concepts
&#x2022; Residential Status and Tax Incidence
&#x2022; Incomes Exempt from Tax
&#x2022; Salaries
&#x2022; Income from House Property
&#x2022; Profits and Gains of Business or Profession
&#x2022; Capital Gains
&#x2022; Income from Other Sources
&#x2022; Income of Other Persons included in Assessee's Total Income
&#x2022; Set Off and Carry Forward of Losses
&#x2022; Deductions from Gross Total Income and Tax Liability
&#x2022; Agricultural Income
&#x2022; Typical Problems on the Assessment of Individuals
&#x2022; Tax Treatment of Hindu Undivided Families
&#x2022; Special Provisions Governing Assessment of Firms and Associations of Persons
&#x2022; Taxation of Companies
&#x2022; Assessment of Co-operative Societies
&#x2022; Assessment of Charitable and Other Trusts
&#x2022; Returns of Income and Assessment
&#x2022; Penalties and Prosecution
&#x2022; Advance Payment of Tax
&#x2022; Interest
&#x2022; Tax Deduction or Collection at Source
&#x2022; Refund of Excess Payments
&#x2022; Appeals and Revisions
&#x2022; Income-tax Authorities
&#x2022; Settlement Commission and Dispute Resolution Committee
&#x2022; Special Measures in Respect of Transactions with Persons Located in Notified Jurisdiction Area
&#x2022; General Anti-avoidance Rule
&#x2022; Advance Ruling
&#x2022; Search, Seizure and Assessment
&#x2022; Transfer Pricing
&#x2022; Business Restructuring
&#x2022; Alternative Tax Regime
&#x2022; Tax Planning
&#x2022; Miscellaneous
&#x2022; Annexures
o Tax Rates
o Rates of Depreciation
o The Eleventh Schedule, Thirteenth Schedule, Fourteenth Schedule/
Investment ceiling in the case of small-scale industrial undertaking
o Notified backward districts
o Question set for CA (Final) Examination and Answers from Nov. 2013 to Nov. 2023
</subfield>
  </datafield>
  <datafield tag="650" ind1=" " ind2=" ">
    <subfield code="a">Residential Status and Tax Incidence</subfield>
    <subfield code="9">178320</subfield>
  </datafield>
  <datafield tag="650" ind1=" " ind2=" ">
    <subfield code="a">Tax Planning</subfield>
    <subfield code="9">178321</subfield>
  </datafield>
  <datafield tag="650" ind1=" " ind2=" ">
    <subfield code="a">Incomes Exempt from Tax </subfield>
    <subfield code="9">178322</subfield>
  </datafield>
  <datafield tag="650" ind1=" " ind2=" ">
    <subfield code="a">Tax Deduction</subfield>
    <subfield code="9">178323</subfield>
  </datafield>
  <datafield tag="700" ind1=" " ind2=" ">
    <subfield code="a">Singhania, Kapil</subfield>
    <subfield code="9">178325</subfield>
  </datafield>
  <datafield tag="942" ind1=" " ind2=" ">
    <subfield code="2">ddc</subfield>
    <subfield code="c">BK</subfield>
  </datafield>
  <datafield tag="999" ind1=" " ind2=" ">
    <subfield code="c">231665</subfield>
    <subfield code="d">231665</subfield>
  </datafield>
  <datafield tag="952" ind1=" " ind2=" ">
    <subfield code="0">0</subfield>
    <subfield code="1">0</subfield>
    <subfield code="2">ddc</subfield>
    <subfield code="4">0</subfield>
    <subfield code="7">0</subfield>
    <subfield code="8">COM</subfield>
    <subfield code="a">AL</subfield>
    <subfield code="b">AL</subfield>
    <subfield code="d">2024-08-30</subfield>
    <subfield code="e">Biblios Book Point Surathkal Mangalore 575014</subfield>
    <subfield code="g">1836.00</subfield>
    <subfield code="l">2</subfield>
    <subfield code="o">657.46  SINT</subfield>
    <subfield code="p">077317</subfield>
    <subfield code="r">2025-04-01 08:19:32</subfield>
    <subfield code="s">2025-04-01</subfield>
    <subfield code="v">2295.00</subfield>
    <subfield code="w">2024-08-30</subfield>
    <subfield code="y">BK</subfield>
  </datafield>
  <datafield tag="952" ind1=" " ind2=" ">
    <subfield code="0">0</subfield>
    <subfield code="1">0</subfield>
    <subfield code="2">ddc</subfield>
    <subfield code="4">0</subfield>
    <subfield code="7">3</subfield>
    <subfield code="8">COM</subfield>
    <subfield code="a">AL</subfield>
    <subfield code="b">AL</subfield>
    <subfield code="c">RS</subfield>
    <subfield code="d">2024-08-30</subfield>
    <subfield code="e">Biblios Book Point Surathkal Mangalore 575014</subfield>
    <subfield code="g">1836.00</subfield>
    <subfield code="l">1</subfield>
    <subfield code="o">657.46  SINT</subfield>
    <subfield code="p">077318</subfield>
    <subfield code="r">2025-04-02 03:47:47</subfield>
    <subfield code="s">2024-12-06</subfield>
    <subfield code="v">2295.00</subfield>
    <subfield code="w">2024-08-30</subfield>
    <subfield code="y">REF</subfield>
  </datafield>
  <datafield tag="952" ind1=" " ind2=" ">
    <subfield code="0">0</subfield>
    <subfield code="1">0</subfield>
    <subfield code="2">ddc</subfield>
    <subfield code="4">0</subfield>
    <subfield code="7">0</subfield>
    <subfield code="8">COM</subfield>
    <subfield code="a">AL</subfield>
    <subfield code="b">AL</subfield>
    <subfield code="d">2024-08-30</subfield>
    <subfield code="e">Biblios Book Point Surathkal Mangalore 575014</subfield>
    <subfield code="g">1836.00</subfield>
    <subfield code="l">2</subfield>
    <subfield code="o">657.46  SINT</subfield>
    <subfield code="p">077319</subfield>
    <subfield code="q">2026-08-14</subfield>
    <subfield code="r">2026-04-16 12:18:04</subfield>
    <subfield code="s">2026-04-16</subfield>
    <subfield code="v">2295.00</subfield>
    <subfield code="w">2024-08-30</subfield>
    <subfield code="y">BK</subfield>
  </datafield>
  <datafield tag="952" ind1=" " ind2=" ">
    <subfield code="0">0</subfield>
    <subfield code="1">0</subfield>
    <subfield code="2">ddc</subfield>
    <subfield code="4">0</subfield>
    <subfield code="7">0</subfield>
    <subfield code="8">COM</subfield>
    <subfield code="a">AL</subfield>
    <subfield code="b">AL</subfield>
    <subfield code="d">2024-08-30</subfield>
    <subfield code="e">Biblios Book Point Surathkal Mangalore 575014</subfield>
    <subfield code="g">1836.00</subfield>
    <subfield code="l">1</subfield>
    <subfield code="o">657.46  SINT</subfield>
    <subfield code="p">077320</subfield>
    <subfield code="r">2025-04-22 09:19:20</subfield>
    <subfield code="s">2024-12-12</subfield>
    <subfield code="v">2295.00</subfield>
    <subfield code="w">2024-08-30</subfield>
    <subfield code="y">BK</subfield>
  </datafield>
  <datafield tag="952" ind1=" " ind2=" ">
    <subfield code="0">0</subfield>
    <subfield code="1">0</subfield>
    <subfield code="2">ddc</subfield>
    <subfield code="4">0</subfield>
    <subfield code="7">0</subfield>
    <subfield code="8">COM</subfield>
    <subfield code="a">AL</subfield>
    <subfield code="b">AL</subfield>
    <subfield code="d">2024-08-30</subfield>
    <subfield code="e">Biblios Book Point Surathkal Mangalore 575014</subfield>
    <subfield code="g">1836.00</subfield>
    <subfield code="l">2</subfield>
    <subfield code="o">657.46  SINT</subfield>
    <subfield code="p">077321</subfield>
    <subfield code="r">2025-04-01 08:16:10</subfield>
    <subfield code="s">2025-04-01</subfield>
    <subfield code="v">2295.00</subfield>
    <subfield code="w">2024-08-30</subfield>
    <subfield code="y">BK</subfield>
  </datafield>
</record>
